[Event "SVK-ch E07 email"]
[Site "Slovakia email"]
[Date "2004.08.11"]
[Round "?"]
[White "Klein, Jozef Sr"]
[Black "Kovac, Stanislav"]
[Result "0-1"]
[WhiteElo "1700"]
[BlackElo "1700"]
[PlyCount "42"]
[EventDate "2004.??.??"]
[EventType "tourn (corr)"]
[EventRounds "5"]
[EventCountry "SVK"]
[SourceTitle "Corr 2006"]
[Source "ChessBase"]
[SourceDate "2006.04.01"]
[SourceVersion "3"]
[SourceVersionDate "2006.04.01"]
[SourceQuality "1"]

1. e4 e5 2. Qf3 Nf6 3. Bc4 Nc6 4. Nh3 Nd4 5. Qd3 d5 6. exd5 Bf5 7. Bb5+ c6 8. dxc6 Bxd3 9. Bxd3 e4 10. cxb7 Rb8 11. Bxe4 Nxe4 12. Kd1 Nc5 13. b3 Rxb7 14. Re1+ Re7 15. Rxe7+ Qxe7 16. Nc3 Qd6 17. g3 Nf3 18. Nb5 Qd7 19. c4 Qxh3 20. Nxa7 Nd4 21. Nb5 Qf1# 0-1